1522 1393 1836 1770 1977 1058 1217 1563 1692 1058 1819 1014 1673 1052 1945 1739 1184 1071 1041 1316 1315 1068 1364 1238 1109 1057 1723 1450 1064 1888 1874 1475 1759 1078 1388 1818 1770 1236 1516 1189 1771 1554 1318 1889 1507 1391 1403 1440 1414 1962 1914 1505 1665 1817 1215 1807 1252 1479 1365 1954 1145 1253 1212 1711 1211 1427 1452 1808 1673 1298 1630 1874 1466 1453 1722 1704 1752 1416 1651 1589 1799 1988 1949 1367 1419 1509 1770 1933 1736 1067 1793 1324 1729 1508 1867 1242 1113 1916 1024 BCNSPRNW ULIB Ver.6.0+V

เปลี่ยนเป็นภาษาไทย

Change to English
 แสดงรายละเอียดบรรณานุกรม
  กลับหน้าหลัก

Brief Record : Get Marc (ISO 2709) : E-mail record : QR code < ปิดหน้าต่าง
LEADER : 00000nam 2200000uu 4500
001    13399113838
003     ULIB
008    120110s||||||||th 000 0 tha d
099    วจ.HD62.7^bน196พ
100 0  นภาดล สีหพันธุ์
245 00 พฤติกรรมการปฏิบัติงานบนพื้นฐานหลักธรรมาภิบาลของบุคลากรวิทยาลัยพยาบาลบรมราชชนนี พุทธชินราช/^cนภาดล สีหพันธุ์ ,ศิริรัชส์ อินสุข และ สุทธามาศ อนุธาตุ
260    พิษณุโลก :^bวิทยาลัยพยาบาลบรมราชชนนี พุทธชินราช,^c2553
300    106 หน้า :^bตาราง
500    รายงานการวิจัย
650  7 หลักธรรมาภิบาล^xวิจัย
650  7 พฤติกรรมการปฏิบัติงาน^xวิจัย
700 02 ศิริรัชส์ อินสุข
700 02 สุทธามาศ อนุธาตุ
710 1  วิทยาลัยพยาบาลบรมราชชนนี พุทธชินราช
945    ^p0^l0^i030908
945    ^p0^l0^i029213
995    ทศพร
999 ^a ทศพร
รายการนี้ยังไม่มีแท็ก
คุณยังไม่ได้ล็อกอิน คุณสามารถมีกิจกรรมร่วมกับเว็บไซต์ได้ แต่ต้องล็อกอินก่อน ::
  ล็อกอิน

รายการสื่อสารสนเทศ

ลำดับที่ ประเภท เลขเรียก/บาร์โค้ด สถานที่ สถานะ
1. งานวิจัย
งานวิจัย
วจ.HD62.7 น196พ ฉ.1 
  Barcode: 030908
ห้องสมุดวิทยาเขตสวรรค์ประชารักษ์
►วิจัย
บนชั้น
2. งานวิจัย
งานวิจัย
วจ.HD62.7 น196พ ฉ.2 
  Barcode: 029213
ห้องสมุดวิทยาเขตสวรรค์ประชารักษ์
►วิจัย
บนชั้น

รายการใกล้เคียง
    ผู้แต่ง [นภาดล สีหพันธุ์]

BibComment


ยังไม่เคยถูกคอมเมนท์

คอมเมนท์ทรัพยากรรายการนี้
  คอมเมนท์: พฤติกรรมการปฏิบัต..


 Copyright 2026. Bcnsprnw @Library